Firms That Incorporate Abroad for Tax Purposes : Corporate "Inversions" and "Expatriation".

Examines trend of U.S. firms altering their corporate structure by substituting a foreign parent corporation for a domestic one to save substantial amounts of corporate-level U.S. income taxes, known as "inversions." Covers role of inversions in generating tax savings, economic effects of...

Full description

Bibliographic Details
Corporate Authors: Library of Congress. Congressional Research Service, ProQuest (Firm)
Format: eBook
Language:English
Published: [Place of publication not identified] : [publisher not identified], 2004.
Series:U.S. Congressional Research.
Subjects:
Online Access:Connect to the full text of this electronic book

MARC

Tag First Indicator Second Indicator Subfields
LEADER 00000cam a22000001a 4500
001 in00003323219
006 m d f
007 cr bn mmmapmmp
008 101130s2004 dcu o f000 0 eng d
005 20260429185502.1
035 |a cis2007845960 
040 |a ProQuest  |c ProQuest  |d UtOrBLW 
043 |a n-us--- 
099 |a CRS-2004-GVF-0758 
110 2 |a Library of Congress.  |b Congressional Research Service. 
245 1 0 |a Firms That Incorporate Abroad for Tax Purposes :  |b Corporate "Inversions" and "Expatriation". 
264 1 |a [Place of publication not identified] :  |b [publisher not identified],  |c 2004. 
300 |a 1 online resource. 
336 |a text  |b txt  |2 rdacontent 
337 |a computer  |b c  |2 rdamedia 
338 |a online resource  |b cr  |2 rdacarrier 
500 |a Record is based on bibliographic data in ProQuest U.S. Congressional Research Digital Collection (last viewed Nov. 2010). Reuse except for individual research requires license from ProQuest, LLC. 
500 |a CRS Report. 
520 |a Examines trend of U.S. firms altering their corporate structure by substituting a foreign parent corporation for a domestic one to save substantial amounts of corporate-level U.S. income taxes, known as "inversions." Covers role of inversions in generating tax savings, economic effects of inversions, and alternative policy responses and proposals. 
500 |a Electronic resource. 
650 0 |a Corporations. 
650 0 |a Income tax. 
650 0 |a Tax incentives. 
655 7 |a Electronic books.  |2 local 
710 2 |a ProQuest (Firm) 
776 0 8 |i Microfiche version:   |a Library of Congress. Congressional Research Service.  |t Firms That Incorporate Abroad for Tax Purposes 
830 0 |a U.S. Congressional Research. 
856 4 0 |u http://proxy.library.tamu.edu/login?url=https://congressional.proquest.com/congcomp/getdoc?CRDC-ID=CRS-2004-GVF-0758  |z Connect to the full text of this electronic book  |t 0 
999 |a MARS 
999 f f |s 2e8ec7b1-74b0-391e-b5d0-746079a0a2c6  |i 1c094507-a70c-3803-836c-b909f8e94efd  |t 0 
952 f f |a Texas A&M University  |b College Station  |c Electronic Resources  |s www_evans  |d Available Online  |t 0  |e CRS-2004-GVF-0758  |h Other scheme 
998 f f |a CRS-2004-GVF-0758  |t 0  |l Available Online